LEADER 00834nam a2200229 i 4500 001 991000510169707536 005 20020506131515.0 008 000908s1882 it ||| | ita 035 $ab10710966-39ule_inst 035 $aEXGIL146964$9ExL 040 $aBiblioteca Interfacoltà$bita 082 0 $a853.7 100 1 $aGuerrazzi, Francesco Domenico$0177415 245 10$aVeronica Cybo; La torre di Monza ; Fides :$bracconti /$cF. D. Guerrazzi 260 $aFirenze :$bSalani,$c1882 300 $a320 p. 907 $a.b10710966$b02-04-14$c28-06-02 912 $a991000510169707536 945 $aLE002 It. XII G 21$g1$i2002000658227$lle002$o-$pE0.00$q-$rn$so $t0$u0$v0$w0$x0$y.i10807147$z28-06-02 996 $aVeronica Cybo; La torre di Monza ; Fides$9912207 997 $aUNISALENTO 998 $ale002$b01-01-00$cm$da $e-$fita$git $h0$i1